000 00401nam a2200181Ia 4500
001 1315
005 20260306143719.0
008 260306t2010||||xx |||||||||||||| ||spa||
041 _aESP
082 _a193
_bS29
100 _aScheler, Max
_eAUT
245 0 _aAmor y conocimiento y otros escritos
260 _c2010
300 _a
_c
650 _aGEN
654 _aCHU
942 _cLIB
_dJUS
_fJUS
_2ddc
_n
999 _c1315
_d1315